000 01490 a2200217 4500
001 22964
005 20260407155519.0
008 260407a1972 arg spa d
003 AR-UNSa-BCEJYS
040 _aAR-UNSa-BCEJYS
_bspa
_cAR-UNSa-BCEJYS
080 _a338.5.01
_xTeorías de los precios
245 1 0 _aSistemas de precios y asiganción de recursos
250 _a4a. ed
264 1 _aMéxico :
_bInteramericana
_c1972
300 _axiv, 367 p.
_c23 cm.
505 _a1. Introducción - 2. Organización de un sistema económico - 3. Demanda, oferta y precio de meracdo en competencia pura - 4. La demanda del consumidor individual: Enfoque de la utilidad - 5. Demanda del consumidor individual: Método de las curvas de indiferencia - 6. Clasificaciones de meracdo y curva de demanda que enfrenta la firma - 7. Los principios de la produución - 8. Costos de producción - 9. Determinación del precio y la producción en competencia pura - 10. Determinación del precio y la producción en monopolio puro - 11. Determinación del precio y de la producción en el oligopolio - 12. Determinación del precio y de la producción en competencia monopolistica - 13. Determinación del precio y empleo de los recursos: monopolio y monopsonio - 15. Asignación de los recursos - 16. Distribución del producto - 17. Equilibrio - 18. Programación lineal.
942 _cBK
590 _aniveau_biblio:m niveau_hierar:0
100 1 _aLeftwich, Richard H.
700 1 _aGivogri, Carlos A.
999 _c1075
_d1075